000 00392nam a22001697a 4500
003 MPLRDC
005 20220104114150.0
008 210129b ||||| |||| 00| 0 eng d
082 _a848.1 XH-2
100 _a萧红
245 _a马伯乐
_c
250 _a一版一刷
260 _a
_b黑龙江人民出版社
_c1981
300 _b
650 _a现代别集
942 _cBK
_o848.1 XH-2
999 _c5338
_d5328